00647cam a22001937a 4500003000500000005001700005008004100022010001000063011001000073035001000083040000900093100003800102245011500140260004100255300001000296502008000306650003000386650003700416CHAP20220329141833.0971201d1987 mx r 00110 spa d a74590 a75562 a85126 cCHAP00aO García, Angel Fernando de la.10aReforestación en el Valle de México un caso Barrera Forestal Orientec/por Angel Fernando de la O García aChapingo, Méx. :bEl autor,c1987. a44 h. aTesis (Ing. Agr. Esp. en Bosques) --UACH. División de Ciencias Forestales14aBosqueszMéxico (Edo.).14aReforestaciónxMéxico (Edo.)